Statistics for the helping professions

Bibliographic Details
Main Author: Besag, Frank P.
Other Authors: Besag, Peter L.
Format: Book
Published: Beverly Hills : Sage Publications , 1985
Subjects:

MARC

LEADER 00000cam a2200000 7i4500
001 0000003485
005 20021126.0
020 |a 0803923406 
040 |a INS 
090 0 0 |a HA29.   |b B4525 1985 
100 1 |a Besag, Frank P. 
245 1 0 |a Statistics for the helping professions   |c Frank P. Bessag and Peter L. Besag 
260 |a Beverly Hills :   |b Sage Publications ,   |c 1985 
300 |a 374 p. ;   |c 22 cm. 
650 0 0 |a Social Science   |x Statistical methods 
650 0 0 |a Social service   |x Statistical methods 
700 1 |a Besag, Peter L. 
999 |a 0000004423   |b BOOK   |c Open Shelf   |e Default branch